Disney TV Shows Fill-in-the-blank Quiz Stats

 Plays Quiz not verified by Sporcle

Score 0/20 Timer 10:00
0 Plays Today
Hint Answer % Correct
That's So________Raven
98.7%
Hannah ________Montana
96.2%
Wizards of ________ PlaceWaverly
95.4%
Good Luck ________Charlie
94.9%
Girl Meets________World
94.1%
The ________ Life of Zack & CodySuite
93.2%
________ PossibleKim
92.8%
The Suite Life on________Deck
91.6%
________ & AllyAustin
89.9%
Sonny with a ________Chance
89.9%
Hint Answer % Correct
________McGuireLizzie
88.6%
Dog with a ________Blog
86.9%
________ in the HouseCory
78.5%
________ FarmA.N.T
76.4%
Even ________Stevens
75.9%
________ of the FuturePhil
71.3%
The________ FamilyProud
61.2%
Zeke and ________Luther
59.5%
So________Random
55.7%
________ GuySmart
24.9%

You're not logged in!

Compare scores with friends on all Sporcle quizzes.
OR
Log In

Sporcle TV

Today on Sporcle TV


Watch our educational content, quiz creation guides, and fun videos on Sporcle TV.

Show Comments

Extras

Top Quizzes Today


Score Distribution

Your Account Isn't Verified!

In order to create a playlist on Sporcle, you need to verify the email address you used during registration. Go to your Sporcle Settings to finish the process.

Report this User

Report this user for behavior that violates our Community Guidelines.

Details: